La anulación de oficio de las licencias de edificación / (Registro nro. 35041)

Detalles MARC
000 -LEADER
campo de control de longitud fija 00577nam a2200181 i 4500
001 - NÚMERO DE CONTROL
campo de control 35041
003 - IDENTIFICADOR DE NÚMERO DE CONTROL
campo de control ES-MaACL
005 - FECHA Y HORA DE LA ÚLTIMA TRANSACCIÓN
campo de control 20230906155037.0
007 - CAMPO FIJO DE DESCRIPCIÓN FÍSICA--INFORMACIÓN GENERAL
campo de control de longitud fija t|
008 - DATOS DE LONGITUD FIJA--INFORMACIÓN GENERAL
campo de control de longitud fija 030211s1975 sp ||||1| spa d
100 1# - ENTRADA PRINCIPAL--NOMBRE DE PERSONA
Nombre de persona Boquera Oliver, José María.
9 (RLIN) 30339
245 13 - MENCIÓN DEL TÍTULO
Título La anulación de oficio de las licencias de edificación /
Mención de responsabilidad, etc. José María Boquera Oliver.
260 ## - PUBLICACIÓN, DISTRIBUCIÓN, ETC.
Lugar de publicación, distribución, etc. Sevilla :
Nombre del editor, distribuidor, etc. Ayuntamiemto,
Fecha de publicación, distribución, etc. 1975.
300 ## - DESCRIPCIÓN FÍSICA
Extensión 47 p., 2 lám. ;
Dimensiones 25 cm.
852 ## - LOCALIZACIÓN
Ubicación ES-MaACL
Número de control de estantería 2100-F-4
Sublocalización o colección R.93106
852 ## - LOCALIZACIÓN
Ubicación ES-MaACL
Número de control de estantería 2100-F-6
Sublocalización o colección R.93105
852 ## - LOCALIZACIÓN
Ubicación ES-MaACL
Número de control de estantería 2100-F-7
Sublocalización o colección R.93104
Existencias
Estatus retirado Estado de pérdida Estado de daño No para préstamo Colección Biblioteca de origen Biblioteca actual Ubicación en estantería Fecha de adquisición Fuente de adquisición Total de préstamos Signatura topográfica completa Código de barras Visto por última vez Precio de reemplazo Tipo de ítem Koha
        Colección de folletos Biblioteca del Ateneo de Madrid Biblioteca del Ateneo de Madrid Depósito folletos 17/01/2008     2100-F-7 1036629 23/02/2023 23/02/2023 Folleto
        Colección de folletos Biblioteca del Ateneo de Madrid Biblioteca del Ateneo de Madrid Depósito folletos 17/01/2008     2100-F-4 1036627 23/02/2023 23/02/2023 Folleto
        Colección de folletos Biblioteca del Ateneo de Madrid Biblioteca del Ateneo de Madrid Depósito folletos 17/01/2008     2100-F-6 1036628 23/02/2023 23/02/2023 Folleto